000 00348nam a2200145Ia 4500
008 230312s9999||||xx |||||||||||||| ||und||
020 _a81-312-2554-7
082 _a617.7
_bSIH-P
100 _aSihota;Ramanjit
245 0 _aParsons Diseases of the Eye
260 _bElsevier
_aIndia
300 _a596
650 _aMedical
_vOpthalmology
942 _cBK
999 _c401
_d401